|
|
|
|
| LEADER |
02362nam a2200397 a 4500 |
| 001 |
31782 |
| 003 |
BD-DhAAL |
| 005 |
20211121101710.0 |
| 008 |
090804s1998 enk 000 0 eng d |
| 999 |
|
|
|c 8771
|d 8771
|
| 020 |
|
|
|a 9780007292844
|
| 020 |
|
|
|a 1573221201 (acid-free paper)
|
| 020 |
|
|
|a 1841150479
|
| 040 |
|
|
|a DLC
|c DLC
|d DLC
|d BD-DhAAL
|
| 082 |
0 |
0 |
|a 822.33
|2 23
|
| 100 |
1 |
|
|a Bloom, Harold
|9 21446
|
| 245 |
0 |
0 |
|a Shakespeare :
|b the invention of the human /
|c Harold Bloom.
|
| 260 |
|
|
|a London :
|b Fourth Estate ;
|a New York :
|b Riverhead Books,
|c 1998.
|
| 300 |
|
|
|a xx, 745 p. ;
|c 23 cm.
|
| 526 |
|
|
|a ENH
|
| 541 |
1 |
|
|e 00016530, 31782, 31783, 31784, 31785, 31786
|
| 600 |
1 |
0 |
|a Shakespeare, William,
|d 1564-1616
|x Characters.
|9 21447
|
| 600 |
1 |
0 |
|a Shakespeare, William,
|d 1564-1616
|x Knowledge
|x Psychology.
|9 21448
|
| 650 |
|
0 |
|a Characters and characteristics in literature.
|9 21449
|
| 650 |
|
0 |
|a Drama
|x Psychological aspects.
|9 21450
|
| 650 |
|
0 |
|a Personality in literature.
|9 21451
|
| 650 |
|
0 |
|a Humanism in literature.
|9 21452
|
| 650 |
|
0 |
|a English literature.
|9 42875
|
| 852 |
4 |
|
|a Ayesha Abed Library
|j General shelf
|
| 942 |
0 |
0 |
|0 1
|2 ddc
|c BK
|
| 952 |
|
|
|0 0
|1 0
|2 ddc
|4 0
|6 822_330000000000000_BLO
|7 0
|9 10628
|a BRACUL
|b BRACUL
|c GEN
|d 2010-06-02
|l 23
|m 83
|o 822.33 BLO
|p 3010016530
|r 2024-10-01
|s 2024-07-16
|t 1
|w 2010-06-02
|y BK
|
| 952 |
|
|
|0 0
|1 0
|2 ddc
|4 0
|6 822_330000000000000_BLO
|7 0
|9 60498
|a BRACUL
|b BRACUL
|c GEN
|d 2017-05-04
|e Karim International
|g 1330.00
|l 7
|m 31
|o 822.33 BLO
|p 3010031786
|r 2025-06-18
|s 2025-04-16
|t 6
|v 1330.00
|w 2017-05-04
|y BK
|
| 952 |
|
|
|0 0
|1 0
|2 ddc
|4 0
|6 822_330000000000000_BLO
|7 0
|9 60499
|a BRACUL
|b BRACUL
|c GEN
|d 2017-05-04
|e Karim International
|g 1330.00
|l 7
|m 25
|o 822.33 BLO
|p 3010031782
|r 2025-04-15
|s 2025-04-15
|t 2
|v 1330.00
|w 2017-05-04
|y BK
|
| 952 |
|
|
|0 0
|1 0
|2 ddc
|4 0
|6 822_330000000000000_BLO
|7 0
|9 60500
|a BRACUL
|b BRACUL
|c GEN
|d 2017-05-04
|e Karim International
|g 1330.00
|l 7
|m 57
|o 822.33 BLO
|p 3010031784
|r 2025-08-11
|s 2025-06-17
|t 4
|v 1330.00
|w 2017-05-04
|y BK
|
| 952 |
|
|
|0 0
|1 0
|2 ddc
|4 0
|6 822_330000000000000_BLO
|7 0
|9 60501
|a BRACUL
|b BRACUL
|c GEN
|d 2017-05-04
|e Karim International
|g 1330.00
|l 7
|m 42
|o 822.33 BLO
|p 3010031785
|r 2025-05-20
|s 2025-04-29
|t 5
|v 1330.00
|w 2017-05-04
|y BK
|
| 952 |
|
|
|0 0
|1 0
|2 ddc
|4 0
|6 822_330000000000000_BLO
|7 0
|9 60502
|a BRACUL
|b BRACUL
|c GEN
|d 2017-05-04
|e Karim International
|g 1330.00
|l 5
|m 13
|o 822.33 BLO
|p 3010031783
|r 2023-10-04
|s 2023-09-20
|t 3
|v 1330.00
|w 2017-05-04
|y BK
|